Statistics for Transformations In Kirby's Epic Yarn

Click here to take the quiz!

General Stats

  • This quiz has been taken 19 times
  • The average score is 7 of 20

Answer Stats

TypeTransformation% Correct
BasicStrength
92%
BasicCar
85%
MetamortexTankbot
85%
MetamortexDolphin
54%
BasicParachute
54%
MetamortexSpin Boarder
54%
BasicSubmarine
54%
MetamortexTrain
54%
BasicWeight
38%
MetamortexFire Engine
31%
MetamortexSaucer
31%
MetamortexDigger
23%
MetamortexRocket
23%
BasicSleigh
15%
MetamortexStar Shooter
15%
BasicTop
15%
BasicNote
0%
MetamortexOff-Roader
0%
BasicPendulum
0%
BasicSnake
0%

Score Distribution

Percentile by Number Answered

Percent of People with Each Score

Your Score History

You have not taken this quiz